000
00304nam a2200121Ia 4500
008
191014s9999 xx 000 0 und d
082
_a
513.8
_b
MIL
100
_a
J.Milnor
_9
20332
245
0
_a
Morse Theory
260
_a
New Jersey
_b
Princeton University Press
_c
1973
300
_a
Viii,153
942
_c
BK
999
_c
530904
_d
530904